| 000 | 01255nam a2200337 i 4500 | ||
|---|---|---|---|
| 001 | bg | ||
| 003 | KOSZ 005 | ||
| 005 | 20240405063031.0 | ||
| 008 | 170525s1983 pl a g 001 0 pol | ||
| 015 | _aPB 1983/2746 | ||
| 020 | _a8321103782 | ||
| 040 |
_aWA N _cKOSZ 005/RW _dKOSZ 005/RW |
||
| 080 | _a943.8.082.2:358.2(438)"19" | ||
| 100 | 1 |
_aMalinowski, Kazimierz _d(1908-2001) _eAutor |
|
| 245 | 1 | 0 |
_aŻołnierze łączności walczącej Warszawy / _cKazimierz Malinowski. |
| 260 |
_aWarszawa : _b"Pax", _c1983. |
||
| 300 |
_a371, [1] s., [24] s. : _bfot., 1 mapa, portr., rys. ; _c24 cm. |
||
| 336 |
_aTekst _btxt _2rdacontent |
||
| 337 |
_aBez urządzenia pośredniczącego _bn _2rdamedia |
||
| 338 |
_aWolumin _bnc _2rdacarrier |
||
| 380 | _aKsiążki. | ||
| 504 | _aIndeks. | ||
| 610 | 2 | 4 |
_aArmia Krajowa. _bOkręg Warszawa _xłączność |
| 650 | 4 |
_aWojsko _xłączność _xorganizacja _zPolska _y1939-1945 r. |
|
| 650 | 4 |
_aPowstanie warszawskie 1944 _xłączność |
|
| 648 | 4 | _a1901-2000 | |
| 648 | 4 | _a1939-1945 | |
| 710 | 2 |
_aInstytut Wydawniczy "Pax" _4pbl. |
|
| 856 |
_uhttp://koha.tu.koszalin.pl/cgi-bin/koha/opac-detail.pl?biblionumber=22563 _yKatalog online BPK |
||
| 942 |
_2UKD _cKS |
||
| 999 |
_c22563 _d22563 |
||